000 00279nam a22001337a 4500
008 170419b xxu||||| |||| 00| 0 eng d
020 _a0691033196
041 _aeng
080 _a573
100 _a11
101 _aSHM
245 _aLIFE CYCLES
_cBONNER, J.T
942 _2udc
_cBK
999 _c11229
_d11229